Sžatije i poisk informacii /
Salvato in:
| Autore principale: | |
|---|---|
| Natura: | Libro |
| Lingua: | russo |
| Pubblicazione: |
Moskva :
Radio i svjaz,
1989
|
| Tags: |
Nessun Tag, puoi essere il primo ad aggiungerne!!
|
MARC
| LEADER | 00000nam a22000003a 4500 | ||
|---|---|---|---|
| 001 | stu406 | ||
| 005 | 20150617225618.4 | ||
| 008 | 910527s1989----xxr-----------------rus-d | ||
| 040 | |a STU |b slo | ||
| 041 | 0 | |a rus | |
| 044 | |a xxr | ||
| 080 | |a 519.728 | ||
| 080 | |a 621.391.8 | ||
| 100 | 1 | |a Kričevskij, Rafail Jevsejevič |4 aut | |
| 245 | 1 | |a Sžatije i poisk informacii / |c [aut.] Kričevskij,Rafail Jevsejevič | |
| 260 | |a Moskva : |b Radio i svjaz, |c 1989 | ||
| 300 | |a 167 s | ||
| 996 | |b E69725 |c E*69725 |l EE03 |s P |a 0 |w stu406_0001 | ||